| 000 | 01011cam a2200277zu 4500 | ||
|---|---|---|---|
| 001 | 10147589 | ||
| 003 | FRCYB10147589 | ||
| 005 | 20251020123046.0 | ||
| 006 | m o d | ||
| 007 | cr un | ||
| 008 | 251020s2006 fr | o|||||0|0|||fre d | ||
| 020 | _a9782846701396 | ||
| 035 | _aFRCYB10147589 | ||
| 040 |
_aFR-PaCSA _bfr _c _erda |
||
| 100 | 1 | _ad'Almeida-Topor, Hélène | |
| 245 | 0 | 1 |
_aL'Afrique _c["d'Almeida-Topor, Hélène"] |
| 264 | 1 |
_bLe Cavalier Bleu éditions _c2006 |
|
| 300 | _a p. | ||
| 336 |
_btxt _2rdacontent |
||
| 337 |
_bc _2rdamdedia |
||
| 338 |
_bc _2rdacarrier |
||
| 650 | 0 | _a | |
| 700 | 0 | _ad'Almeida-Topor, Hélène | |
| 856 | 4 | 0 |
_2Cyberlibris _uhttps://international.scholarvox.com/netsen/book/10147589 _qtext/html _a |
| 520 | _aQualifiée de berceau de l'Humanité, l'Afrique reste souvent synonyme de conflits, de pauvreté et d'idées reçues. À travers cet ouvrage, c'est un zoom éclairant qui est proposé, mais aussi une initiation au voyage. | ||
| 999 |
_c1552893 _d1552893 |
||